Quiz Culture Générale – Niveau Intermédiaire #1 - Statistiques

Statistiques générales
  • Ce quiz a été pris 227 fois
  • Le résultat moyen est 10 sur 15
Statistiques - réponses
Question Réponse % Correct
Combien de côtés a un octogone ? 8
100%
Quel est le pays d’origine de la pizza ? Italie
97%
Quel est le plus grand désert chaud du monde ? Le Sahara
96%
Quelle est la monnaie officielle du Japon ? Le Yen
94%
Quelle est la capitale du Canada ? Ottawa
93%
Comment s’appelle le président des États-Unis élu en 2020 ? Joe Biden
88%
Qui a écrit Roméo et Juliette ? William Shakespeare
85%
Combien de pays sont membres de l’Union européenne en 2024 ? 27
75%
Quel compositeur est célèbre pour sa Symphonie n°9 dite "Ode à la joie" ? Ludwig van Beethoven
67%
Quel est l’organe responsable de la production d’insuline ? Le Pancréas
58%
Dans quelle série télé trouve-t-on les familles Stark et Lannister ? Game of Thrones
56%
Dans quelle ville française se trouve le siège d’Interpol ? Lyon
56%
Quel est le plus long fleuve d’Europe ? La Volga
43%
Quel pays est surnommé « le pays du matin calme » ? Corée du Sud
33%
Quel est le nom du plus grand satellite de Jupiter ? Ganymède
9%
Aucun quiz correspondant
Distribution des résultats
% des personnes avec chaque résultat
Percentile par nombre de réponses
Votre historique - résultats
Vous n’avez pas pris ce quiz